Zmena pracovných podmienok

Založenie pracovného pomeru pracovnou zmluvou. Subjekty a objekt pracovného pomeru. Pracovná zmluva ako dvojstranný právny úkon. Obsah pracovnej zmluvy. Zmena pracovného pomeru. Dohoda účastníkov. Zmena obsahu pracovnej zmluvy.

Salvato in:
Dettagli Bibliografici
Autore principale: Martončíková, Petra
Natura: Capitolo di libro
Lingua:slovacco
Soggetti:
Tags: Aggiungi Tag
Nessun Tag, puoi essere il primo ad aggiungerne!!

MARC

LEADER 00000naa a2200000 4500
001 0248634
005 20181106111054.7
041 0 |a slo 
044 |a SK 
245 1 0 |a Zmena pracovných podmienok  |c Petra Martončíková 
520 |a Založenie pracovného pomeru pracovnou zmluvou. Subjekty a objekt pracovného pomeru. Pracovná zmluva ako dvojstranný právny úkon. Obsah pracovnej zmluvy. Zmena pracovného pomeru. Dohoda účastníkov. Zmena obsahu pracovnej zmluvy. 
610 2 0 |a vzťahy pracovnoprávne 
610 2 0 |a zmluvy pracovné 
610 2 0 |a zákonník práce 
610 2 0 |a pomer pracovný 
610 2 0 |a podmienky pracovné 
610 2 0 |a mzdy 
610 2 0 |a čas pracovný 
610 2 0 |a miesta pracovné 
100 1 |a Martončíková, Petra